[Event "World Chess Olympiad 2018"]
[Site "Batumi"]
[Date "2018.10.05"]
[Round "11"]
[Board "1"]
[WhiteFideId "9000240"]
[White "Tissir Mohamed"]
[BlackFideId "8700680"]
[Black "Munenga Douglas D"]
[Result "1-0"]
[LiveChessVersion "1.4.8"]
[BlackElo "2273"]
[WhiteElo "2388"]

1. e4 {[%clk 1:30:55]} c5 {[%clk 1:25:42]} 2. Nc3 {[%clk 1:30:32]} Nc6
{[%clk 1:25:07]} 3. Bb5 {[%clk 1:26:45]} g6 {[%clk 1:21:45]} 4. Bxc6
{[%clk 1:26:41]} bxc6 {[%clk 1:20:49]} 5. d3 {[%clk 1:26:52]} Bg7
{[%clk 1:21:09]} 6. Nge2 {[%clk 1:26:17]} Nf6 {[%clk 1:14:25]} 7. O-O
{[%clk 1:25:48]} O-O {[%clk 1:14:20]} 8. Be3 {[%clk 1:26:11]} d6 {[%clk 1:12:11]}
9. h3 {[%clk 1:26:25]} Ne8 {[%clk 1:10:37]} 10. Qd2 {[%clk 1:25:26]} Rb8
{[%clk 1:08:59]} 11. Rab1 {[%clk 1:13:19]} Nc7 {[%clk 0:52:50]} 12. Bh6
{[%clk 1:09:18]} e5 {[%clk 0:49:58]} 13. Bxg7 {[%clk 1:09:27]} Kxg7
{[%clk 0:50:20]} 14. f4 {[%clk 1:09:53]} f6 15. b3 Bd7 {[%clk 0:37:34]} 16. Rf2
{[%clk 0:56:53]} Ne6 {[%clk 0:36:15]} 17. Rbf1 {[%clk 0:42:11]} Qa5 18. Kh2 Qc7
{[%clk 0:31:08]} 19. Kh1 {[%clk 0:39:08]} Qa5 {[%clk 0:31:04]} 20. Kh2 Rbd8
{[%clk 0:23:07]} 21. f5 {[%clk 0:19:00]} Nd4 {[%clk 0:22:59]} 22. fxg6
{[%clk 0:12:38]} hxg6 23. Rxf6 {[%clk 0:12:55]} Rxf6 {[%clk 0:11:11]} 24. Rxf6
{[%clk 0:13:09]} Nxe2 {[%clk 0:10:56]} 25. Qg5 Nf4 {[%clk 0:06:42]} 26. Ne2
{[%clk 0:13:02]} Be8 {[%clk 0:06:17]} 27. Nxf4 {[%clk 0:13:25]} exf4
{[%clk 0:06:03]} 28. Rxf4 {[%clk 0:13:42]} Qc3 {[%clk 0:01:00]} 29. Qe7+
{[%clk 0:13:57]} 1-0

[Event "World Chess Olympiad 2018"]
[Site "Batumi"]
[Date "2018.10.05"]
[Round "11"]
[Board "2"]
[WhiteFideId "8700389"]
[White "Simutowe Musatwe"]
[BlackFideId "9000283"]
[Black "Onkoud Abdelaziz"]
[Result "0-1"]
[LiveChessVersion "1.4.8"]
[BlackElo "2315"]
[WhiteElo "2208"]

1. d4 {[%clk 1:30:56]} d6 {[%clk 1:29:58]} 2. Nf3 {[%clk 1:31:18]} Bg4
{[%clk 1:30:21]} 3. Nbd2 {[%clk 1:29:38]} e6 {[%clk 1:28:36]} 4. e4
{[%clk 1:29:54]} Nd7 {[%clk 1:28:01]} 5. Bd3 {[%clk 1:28:55]} c6 {[%clk 1:27:25]}
6. O-O {[%clk 1:29:06]} Ngf6 {[%clk 1:16:08]} 7. Re1 {[%clk 1:28:35]} Be7
{[%clk 1:15:32]} 8. Nf1 {[%clk 1:27:56]} c5 {[%clk 1:12:45]} 9. dxc5
{[%clk 1:24:32]} Nxc5 {[%clk 1:11:04]} 10. Bb5+ {[%clk 1:24:53]} Ncd7
{[%clk 1:11:24]} 11. h3 {[%clk 1:24:49]} Bxf3 {[%clk 1:11:00]} 12. Qxf3
{[%clk 1:25:12]} O-O {[%clk 1:11:16]} 13. c3 {[%clk 1:22:55]} a6 {[%clk 1:10:21]}
14. Ba4 {[%clk 1:23:12]} b5 {[%clk 1:05:37]} 15. Bc2 {[%clk 1:23:25]} Qc7
{[%clk 1:05:42]} 16. Qe2 {[%clk 1:23:33]} Rfc8 {[%clk 1:04:38]} 17. Ng3
{[%clk 1:20:51]} b4 {[%clk 0:56:57]} 18. Bd2 {[%clk 1:21:17]} a5 {[%clk 0:56:58]}
19. Rac1 {[%clk 1:20:40]} Qb6 {[%clk 0:56:24]} 20. Bb1 {[%clk 1:20:40]} d5
{[%clk 0:35:40]} 21. exd5 {[%clk 1:06:27]} Nxd5 {[%clk 0:35:03]} 22. Ne4
{[%clk 1:06:33]} bxc3 {[%clk 0:31:09]} 23. Nxc3 {[%clk 1:05:28]} N5f6
{[%clk 0:29:26]} 24. Be3 {[%clk 1:05:32]} Qb7 {[%clk 0:27:18]} 25. Red1
{[%clk 1:05:25]} Bb4 {[%clk 0:19:08]} 26. Nb5 {[%clk 1:02:02]} Rxc1
{[%clk 0:17:52]} 27. Rxc1 {[%clk 1:02:23]} Rc8 {[%clk 0:17:51]} 28. Rd1
{[%clk 1:02:30]} Rb8 {[%clk 0:15:47]} 29. a4 {[%clk 1:00:07]} Nb6
{[%clk 0:12:48]} 30. Bc2 {[%clk 0:36:12]} Nbd5 {[%clk 0:11:44]} 31. Bg5
{[%clk 0:34:54]} h6 {[%clk 0:10:14]} 32. Bc1 {[%clk 0:34:17]} Rc8
{[%clk 0:09:27]} 33. Bb3 {[%clk 0:34:31]} Qb6 {[%clk 0:08:59]} 34. Qf3
{[%clk 0:34:11]} Qc5 {[%clk 0:07:16]} 35. Bf4 {[%clk 0:28:05]} Nxf4
{[%clk 0:06:20]} 36. Qxf4 {[%clk 0:28:31]} Qg5 {[%clk 0:06:07]} 37. Qxg5
{[%clk 0:21:46]} hxg5 {[%clk 0:06:35]} 38. f3 {[%clk 0:21:14]} Kf8
{[%clk 0:05:45]} 39. Kf2 {[%clk 0:21:08]} Ke7 {[%clk 0:06:02]} 40. Ke2
{[%clk 0:51:15]} Nh5 {[%clk 0:35:56]} 41. Nd4 {[%clk 0:50:03]} Nf4+
{[%clk 0:35:59]} 42. Kf1 {[%clk 0:50:24]} Bd6 {[%clk 0:34:19]} 43. Ne2
{[%clk 0:48:18]} Rb8 {[%clk 0:32:46]} 44. Nxf4 {[%clk 0:48:11]} gxf4
{[%clk 0:27:42]} 45. Rd3 {[%clk 0:47:40]} Be5 {[%clk 0:27:51]} 46. Bc4
{[%clk 0:47:50]} Rxb2 {[%clk 0:28:01]} 47. Rd1 {[%clk 0:45:08]} Bd6
{[%clk 0:27:32]} 48. Kg1 {[%clk 0:45:20]} Bb4 {[%clk 0:26:31]} 49. Kh2
{[%clk 0:45:34]} Bd2 {[%clk 0:26:35]} 50. Bd3 {[%clk 0:45:35]} Kf6
{[%clk 0:23:30]} 51. Rb1 {[%clk 0:45:34]} Ra2 {[%clk 0:23:36]} 52. Bb5
{[%clk 0:45:58]} Be3 {[%clk 0:23:28]} 53. Rd1 {[%clk 0:44:01]} Ke5
{[%clk 0:22:24]} 54. Rb1 {[%clk 0:44:14]} Kd4 {[%clk 0:22:03]} 55. Rd1+
{[%clk 0:44:32]} Bd2 {[%clk 0:22:13]} 56. Be8 {[%clk 0:44:15]} f6
{[%clk 0:22:19]} 57. Rb1 {[%clk 0:44:32]} e5 {[%clk 0:21:57]} 58. Bb5
{[%clk 0:44:50]} f5 {[%clk 0:21:54]} 59. Bd7 {[%clk 0:45:03]} e4 {[%clk 0:22:06]}
60. Bxf5 e3 {[%clk 0:22:20]} 0-1

[Event "World Chess Olympiad 2018"]
[Site "Batumi"]
[Date "2018.10.05"]
[Round "11"]
[Board "3"]
[WhiteFideId "9001948"]
[White "Saber Yasser"]
[BlackFideId "8701709"]
[Black "Kaulule Siame Kela"]
[Result "1-0"]
[LiveChessVersion "1.4.8"]
[BlackElo "2160"]
[WhiteElo "2192"]

1. d3 {[%clk 1:30:40]} d5 {[%clk 1:29:08]} 2. g3 {[%clk 1:30:33]} b6
{[%clk 1:28:18]} 3. Bg2 {[%clk 1:29:51]} Bb7 {[%clk 1:27:55]} 4. c4
{[%clk 1:23:11]} e6 {[%clk 1:27:57]} 5. Nc3 {[%clk 1:23:26]} c6 {[%clk 1:28:04]}
6. cxd5 {[%clk 1:23:16]} exd5 {[%clk 1:28:02]} 7. d4 {[%clk 1:17:28]} Nf6
{[%clk 1:26:16]} 8. Nf3 {[%clk 1:17:56]} Bd6 {[%clk 1:24:56]} 9. O-O
{[%clk 1:18:23]} O-O {[%clk 1:24:18]} 10. Ne5 {[%clk 1:09:02]} Nfd7
{[%clk 1:18:52]} 11. f4 {[%clk 1:06:57]} f6 {[%clk 1:13:30]} 12. Nd3
{[%clk 1:07:05]} Na6 {[%clk 1:13:22]} 13. e4 {[%clk 0:51:24]} dxe4
{[%clk 1:10:41]} 14. Nxe4 {[%clk 0:50:38]} Qc7 {[%clk 1:08:55]} 15. f5
{[%clk 0:47:02]} Rfe8 {[%clk 1:07:33]} 16. Rf4 {[%clk 0:35:12]} Re7
{[%clk 0:59:35]} 17. Qb3+ {[%clk 0:29:16]} Kh8 {[%clk 0:48:54]} 18. Rh4
{[%clk 0:29:40]} Nf8 {[%clk 0:48:36]} 19. Bf4 {[%clk 0:19:46]} Bxf4
{[%clk 0:47:05]} 20. Nxf4 {[%clk 0:20:08]} Qd7 {[%clk 0:46:57]} 21. Ng6+
{[%clk 0:17:47]} Nxg6 {[%clk 0:47:12]} 22. fxg6 {[%clk 0:18:13]} h6
{[%clk 0:43:42]} 23. Qe3 {[%clk 0:04:53]} Rf8 {[%clk 0:38:51]} 24. Rf1
{[%clk 0:03:32]} Kg8 {[%clk 0:31:34]} 25. Qb3+ {[%clk 0:01:41]} Qe6
{[%clk 0:28:49]} 26. Nd6 {[%clk 0:01:08]} Qxb3 {[%clk 0:28:40]} 27. axb3
{[%clk 0:01:36]} Ba8 {[%clk 0:28:48]} 28. Nf5 {[%clk 0:01:08]} Rd7
{[%clk 0:26:05]} 29. Bh3 {[%clk 0:01:37]} Rc7 {[%clk 0:25:27]} 30. Re1
{[%clk 0:00:34]} c5 {[%clk 0:25:33]} 31. d5 {[%clk 0:00:38]} Bxd5
{[%clk 0:21:42]} 32. Ne7+ {[%clk 0:01:06]} Rxe7 {[%clk 0:22:03]} 33. Rxe7
{[%clk 0:01:35]} Nb4 {[%clk 0:21:58]} 34. Be6+ {[%clk 0:00:48]} Bxe6
{[%clk 0:21:59]} 35. Rxe6 {[%clk 0:01:15]} Rd8 {[%clk 0:20:51]} 36. Rhe4
{[%clk 0:01:28]} Kf8 {[%clk 0:21:20]} 37. Re7 {[%clk 0:01:28]} Nc6
{[%clk 0:21:27]} 38. Rf7+ {[%clk 0:01:35]} Kg8 {[%clk 0:21:53]} 39. Rd7
{[%clk 0:01:28]} Rf8 {[%clk 0:21:37]} 40. Re6 {[%clk 0:30:59]} Ne5
{[%clk 0:52:05]} 41. Rxa7 {[%clk 0:30:58]} Nxg6 {[%clk 0:51:19]} 42. Rxb6
{[%clk 0:28:23]} Rd8 {[%clk 0:49:49]} 43. Rbb7 {[%clk 0:28:04]} Ne5
{[%clk 0:50:08]} 44. Rxg7+ {[%clk 0:28:24]} Kh8 {[%clk 0:50:24]} 45. Rgc7
{[%clk 0:26:10]} h5 {[%clk 0:48:55]} 46. Kf2 {[%clk 0:16:46]} Ng4+
{[%clk 0:42:08]} 47. Kf3 {[%clk 0:15:59]} Nxh2+ 48. Kf4 {[%clk 0:16:23]} Nf1
{[%clk 0:42:06]} 49. Rh7+ {[%clk 0:11:25]} Kg8 {[%clk 0:42:34]} 50. Kf5
{[%clk 0:11:03]} Rd5+ {[%clk 0:42:16]} 51. Kg6 {[%clk 0:11:09]} Rg5+
{[%clk 0:42:28]} 52. Kh6 {[%clk 0:11:29]} 1-0

[Event "World Chess Olympiad 2018"]
[Site "Batumi"]
[Date "2018.10.05"]
[Round "11"]
[Board "4"]
[WhiteFideId "8701776"]
[White "Mulenga Prince Daniel"]
[BlackFideId "9000720"]
[Black "Aithmidou Mohamed-Mehdi"]
[Result "0-1"]
[LiveChessVersion "1.4.8"]
[BlackElo "2244"]
[WhiteElo "2237"]

1. Nf3 {[%clk 1:30:56]} c5 {[%clk 1:29:25]} 2. g3 {[%clk 1:30:58]} Nc6
{[%clk 1:27:15]} 3. c4 {[%clk 1:31:26]} g6 {[%clk 1:24:31]} 4. Bg2
{[%clk 1:31:47]} Bg7 {[%clk 1:24:30]} 5. Nc3 {[%clk 1:32:16]} e5 {[%clk 1:18:32]}
6. d3 {[%clk 1:32:26]} Nge7 {[%clk 1:18:42]} 7. O-O {[%clk 1:31:36]} O-O
{[%clk 1:18:11]} 8. a3 d6 {[%clk 1:13:40]} 9. Rb1 {[%clk 1:32:26]} f5
{[%clk 1:13:34]} 10. Bd2 {[%clk 1:31:26]} b6 {[%clk 1:06:02]} 11. b4
{[%clk 1:31:30]} Bb7 {[%clk 1:03:20]} 12. Nd5 {[%clk 1:24:06]} h6
{[%clk 0:58:34]} 13. e4 {[%clk 1:22:12]} Qd7 {[%clk 0:53:00]} 14. b5
{[%clk 1:19:38]} Nd8 {[%clk 0:50:58]} 15. Nh4 {[%clk 1:19:31]} Bxd5
{[%clk 0:47:34]} 16. cxd5 {[%clk 1:17:21]} f4 {[%clk 0:44:13]} 17. gxf4
{[%clk 1:16:10]} exf4 {[%clk 0:42:27]} 18. Qf3 {[%clk 1:16:39]} Kh7
{[%clk 0:33:21]} 19. Bh3 {[%clk 1:17:07]} Qe8 {[%clk 0:33:47]} 20. Kh1
{[%clk 1:16:53]} Nf7 {[%clk 0:33:19]} 21. Rg1 {[%clk 1:10:38]} Bf6
{[%clk 0:25:57]} 22. Nxg6 {[%clk 1:03:29]} Nxg6 {[%clk 0:26:04]} 23. Bf5
{[%clk 1:03:57]} Nfe5 {[%clk 0:14:32]} 24. Qh5 {[%clk 1:02:45]} Bg7
{[%clk 0:13:43]} 25. Bxf4 {[%clk 0:55:10]} Rxf5 {[%clk 0:13:14]} 26. Qxf5
{[%clk 0:55:38]} Nxd3 {[%clk 0:11:23]} 27. Be3 {[%clk 0:55:21]} Bd4
{[%clk 0:11:16]} 28. Bxd4 {[%clk 0:46:57]} cxd4 {[%clk 0:11:34]} 29. Rg2
{[%clk 0:47:26]} Ndf4 {[%clk 0:06:56]} 30. Rg4 {[%clk 0:47:37]} Qe5
{[%clk 0:06:42]} 31. Qf7+ {[%clk 0:34:57]} Kh8 32. f3 Rg8 {[%clk 0:03:08]} 33.
Qxa7 {[%clk 0:33:07]} Nh3 {[%clk 0:03:37]} 34. Rf1 {[%clk 0:32:17]} Ng5
{[%clk 0:02:38]} 35. Qxb6 {[%clk 0:28:35]} Rc8 {[%clk 0:03:03]} 36. Qa6
{[%clk 0:16:34]} Rc2 {[%clk 0:03:28]} 37. Rg2 {[%clk 0:16:16]} Rxg2
{[%clk 0:03:26]} 38. Qc8+ {[%clk 0:16:28]} Kg7 {[%clk 0:02:51]} 39. Qd7+
{[%clk 0:16:50]} Kf6 {[%clk 0:02:08]} 40. Qd8+ {[%clk 0:46:52]} Kg7
{[%clk 0:32:13]} 41. Qd7+ {[%clk 0:47:19]} Nf7 {[%clk 0:26:38]} 42. Kxg2
{[%clk 0:47:29]} d3 {[%clk 0:26:51]} 43. Kh1 {[%clk 0:43:17]} Qb2
{[%clk 0:22:06]} 44. Qc6 {[%clk 0:36:45]} d2 {[%clk 0:18:04]} 45. Qc4
{[%clk 0:34:21]} Kh7 {[%clk 0:15:56]} 46. Qb4 {[%clk 0:32:58]} d1=Q
{[%clk 0:07:22]} 47. Rxd1 {[%clk 0:32:52]} Qe2 {[%clk 0:07:50]} 48. Qb1 Qxf3+
{[%clk 0:07:49]} 49. Kg1 {[%clk 0:24:14]} Nf4 {[%clk 0:07:56]} 0-1

[Event "World Chess Olympiad 2018"]
[Site "Batumi"]
[Date "2018.10.05"]
[Round "11"]
[Board "1"]
[WhiteFideId "16301188"]
[White "Bai Adelard"]
[BlackFideId "806404"]
[Black "Efimov Igor"]
[Result "0-1"]
[LiveChessVersion "1.4.8"]
[BlackElo "2421"]
[WhiteElo "2111"]

1. d4 {[%clk 1:30:39]} e6 {[%clk 1:30:27]} 2. c4 {[%clk 1:30:58]} d5
{[%clk 1:30:45]} 3. Nc3 {[%clk 1:31:04]} c6 {[%clk 1:30:56]} 4. e4
{[%clk 1:31:19]} Bb4 {[%clk 1:31:15]} 5. cxd5 {[%clk 1:23:38]} exd5
{[%clk 1:27:12]} 6. exd5 {[%clk 1:23:56]} Qxd5 {[%clk 1:27:23]} 7. a3
{[%clk 1:23:52]} Qe6+ {[%clk 1:26:00]} 8. Be2 {[%clk 1:23:57]} Bd6
{[%clk 1:26:15]} 9. Nf3 {[%clk 1:24:14]} Ne7 {[%clk 1:26:35]} 10. O-O
{[%clk 1:24:23]} O-O {[%clk 1:26:06]} 11. Re1 {[%clk 1:24:31]} Qd7
{[%clk 1:26:23]} 12. Ne5 {[%clk 1:24:21]} Qc7 {[%clk 1:26:48]} 13. Ne4
{[%clk 1:04:47]} Bxe5 {[%clk 1:26:35]} 14. dxe5 {[%clk 1:05:11]} Qxe5
{[%clk 1:26:27]} 15. Bd3 {[%clk 1:05:30]} Ng6 {[%clk 1:19:46]} 16. Bg5
{[%clk 0:46:10]} Qd5 {[%clk 1:19:38]} 17. Qf3 {[%clk 0:26:18]} f6
{[%clk 0:43:52]} 18. Bxf6 {[%clk 0:15:57]} Nd7 {[%clk 0:44:07]} 19. Qe2
{[%clk 0:12:12]} Nf4 {[%clk 0:44:09]} 20. Qg4 {[%clk 0:12:41]} Nxf6
{[%clk 0:44:23]} 21. Qxf4 {[%clk 0:12:37]} Qxd3 {[%clk 0:44:31]} 22. Rad1
{[%clk 0:12:52]} Qb5 {[%clk 0:40:13]} 23. Nxf6+ {[%clk 0:12:42]} gxf6
{[%clk 0:40:34]} 24. Re7 {[%clk 0:12:48]} Qg5 {[%clk 0:40:45]} 25. Qc4+
{[%clk 0:12:31]} Kh8 {[%clk 0:41:13]} 26. Rd3 {[%clk 0:12:13]} Bf5
{[%clk 0:41:23]} 27. Rg3 {[%clk 0:12:23]} Qh5 {[%clk 0:40:24]} 28. h3
{[%clk 0:10:53]} Rab8 {[%clk 0:30:39]} 29. Qf4 {[%clk 0:10:46]} a6
{[%clk 0:25:14]} 30. Rgg7 {[%clk 0:10:30]} Bg6 {[%clk 0:25:25]} 31. Rc7
{[%clk 0:09:31]} b5 {[%clk 0:22:29]} 32. Rcd7 {[%clk 0:08:02]} Rbe8
{[%clk 0:21:44]} 33. Qd2 {[%clk 0:06:22]} Rg8 {[%clk 0:20:12]} 34. Rxg8+
{[%clk 0:06:12]} Rxg8 {[%clk 0:20:16]} 35. Re7 {[%clk 0:04:11]} Qg5
{[%clk 0:19:14]} 36. Qc3 {[%clk 0:04:03]} Be4 {[%clk 0:18:25]} 37. g3
{[%clk 0:04:23]} Bd5 {[%clk 0:18:45]} 38. Qc2 {[%clk 0:04:36]} Qg6
{[%clk 0:19:07]} 39. Qd2 {[%clk 0:04:51]} Qf5 {[%clk 0:19:21]} 40. Kf1
{[%clk 0:33:11]} Qxh3+ {[%clk 0:49:32]} 41. Ke2 {[%clk 0:33:25]} Qh5+
{[%clk 0:49:26]} 42. Kd3 {[%clk 0:33:37]} Be6 {[%clk 0:35:41]} 43. Qe3
{[%clk 0:32:57]} Qd5+ {[%clk 0:34:57]} 44. Kc2 {[%clk 0:33:13]} Bf5+
{[%clk 0:35:15]} 45. Kc3 {[%clk 0:32:39]} Qc4+ {[%clk 0:34:42]} 46. Kd2
{[%clk 0:33:08]} Qc2+ {[%clk 0:35:03]} 47. Ke1 {[%clk 0:33:32]} Qb1+
{[%clk 0:35:26]} 48. Ke2 {[%clk 0:33:56]} Qxb2+ {[%clk 0:35:50]} 49. Kf3
{[%clk 0:34:22]} Qa1 {[%clk 0:34:50]} 50. Kg2 {[%clk 0:34:12]} Qd1
{[%clk 0:34:03]} 51. Qf4 {[%clk 0:34:22]} Qd5+ {[%clk 0:34:23]} 52. Kh2
{[%clk 0:34:45]} c5 {[%clk 0:33:59]} 53. Qh6 {[%clk 0:35:00]} Qd4
{[%clk 0:33:34]} 54. Kg2 {[%clk 0:34:12]} Be4+ {[%clk 0:33:39]} 55. f3
{[%clk 0:34:36]} Qd6 {[%clk 0:33:07]} 0-1

[Event "World Chess Olympiad 2018"]
[Site "Batumi"]
[Date "2018.10.05"]
[Round "11"]
[Board "2"]
[WhiteFideId "14500205"]
[White "Sulava Nenad"]
[BlackFideId "3203824"]
[Black "Song Raymond"]
[Result "0-1"]
[LiveChessVersion "1.4.8"]
[BlackElo "2305"]
[WhiteElo "2437"]

1. Nf3 {[%clk 1:30:58]} d5 {[%clk 1:30:55]} 2. e3 {[%clk 1:30:55]} Nf6
{[%clk 1:31:07]} 3. c4 {[%clk 1:31:21]} e6 {[%clk 1:31:22]} 4. b3
{[%clk 1:31:31]} b6 {[%clk 1:30:53]} 5. Bb2 {[%clk 1:30:10]} Bb7 {[%clk 1:31:02]}
6. Nc3 {[%clk 1:29:01]} a6 {[%clk 1:31:24]} 7. g3 {[%clk 1:25:58]} Bd6
{[%clk 1:27:09]} 8. cxd5 {[%clk 1:23:15]} exd5 {[%clk 1:27:32]} 9. Bg2
{[%clk 1:23:40]} O-O {[%clk 1:27:52]} 10. O-O {[%clk 1:23:59]} Nbd7
{[%clk 1:27:44]} 11. d4 {[%clk 1:13:18]} Qe7 {[%clk 1:27:56]} 12. Rc1
{[%clk 1:12:20]} Rac8 {[%clk 1:26:28]} 13. Rc2 {[%clk 1:02:12]} Rfe8
{[%clk 1:24:30]} 14. Qa1 {[%clk 0:58:06]} Nf8 {[%clk 1:21:00]} 15. Rfc1
{[%clk 0:45:32]} Ng6 {[%clk 1:20:35]} 16. Na4 {[%clk 0:43:47]} Ne4
{[%clk 1:15:52]} 17. Ne5 {[%clk 0:40:43]} f6 {[%clk 1:13:56]} 18. Nd3
{[%clk 0:37:24]} Rcd8 {[%clk 1:13:02]} 19. b4 {[%clk 0:34:36]} Bc8
{[%clk 1:11:52]} 20. Nac5 {[%clk 0:30:07]} Qf7 {[%clk 1:09:08]} 21. Nxe4
{[%clk 0:24:59]} dxe4 {[%clk 1:09:36]} 22. Ne1 {[%clk 0:25:19]} f5
{[%clk 1:08:00]} 23. a4 {[%clk 0:24:49]} Be6 {[%clk 1:07:04]} 24. Bf1
{[%clk 0:24:14]} Bd5 {[%clk 0:59:46]} 25. Ng2 {[%clk 0:22:24]} Ra8
{[%clk 0:59:01]} 26. b5 {[%clk 0:22:04]} axb5 {[%clk 0:50:47]} 27. Bxb5
{[%clk 0:22:27]} Rec8 {[%clk 0:47:38]} 28. Ba3 {[%clk 0:22:34]} Qe7
{[%clk 0:47:41]} 29. Bxd6 {[%clk 0:20:37]} Qxd6 {[%clk 0:48:09]} 30. Bc6
{[%clk 0:19:39]} Ra7 {[%clk 0:46:03]} 31. Bxd5+ {[%clk 0:17:55]} Qxd5
{[%clk 0:46:31]} 32. h4 {[%clk 0:18:19]} Qf7 {[%clk 0:40:40]} 33. Rc6
{[%clk 0:13:23]} Ne7 {[%clk 0:39:19]} 34. R6c4 {[%clk 0:13:43]} Nd5
{[%clk 0:39:18]} 35. Qb2 {[%clk 0:13:52]} h6 {[%clk 0:37:53]} 36. Qb5
{[%clk 0:11:32]} g5 {[%clk 0:38:02]} 37. Rc6 {[%clk 0:04:59]} Ra5
{[%clk 0:35:01]} 38. Qc4 {[%clk 0:02:47]} Kg7 {[%clk 0:35:19]} 39. Rb1
{[%clk 0:01:37]} Rca8 {[%clk 0:35:14]} 40. Rb5 {[%clk 0:31:32]} Rxb5
{[%clk 1:03:02]} 41. axb5 {[%clk 0:19:53]} Ra1+ {[%clk 1:02:22]} 42. Kh2
{[%clk 0:20:19]} Rb1 {[%clk 1:00:29]} 43. g4 {[%clk 0:12:36]} fxg4
{[%clk 0:55:00]} 44. Qc2 {[%clk 0:13:02]} g3+ {[%clk 0:55:27]} 45. fxg3
{[%clk 0:13:31]} Qf1 {[%clk 0:55:21]} 46. Rxc7+ {[%clk 0:13:56]} Nxc7
{[%clk 0:49:26]} 47. Qxc7+ {[%clk 0:14:25]} Qf7 {[%clk 0:49:46]} 48. Qxb6
{[%clk 0:13:58]} Qd7 {[%clk 0:49:55]} 49. d5 {[%clk 0:06:33]} Qxd5
{[%clk 0:49:01]} 50. Qc7+ {[%clk 0:03:22]} Kg6 {[%clk 0:49:29]} 51. g4
{[%clk 0:01:14]} Rxb5 {[%clk 0:48:57]} 52. h5+ {[%clk 0:01:41]} Kf6
{[%clk 0:49:23]} 53. Qh7 {[%clk 0:02:06]} Qe5+ {[%clk 0:48:08]} 54. Kh3
{[%clk 0:02:35]} Rb1 {[%clk 0:46:35]} 55. Qh8+ {[%clk 0:02:10]} Ke6
{[%clk 0:47:04]} 56. Qe8+ {[%clk 0:02:29]} Kd6 {[%clk 0:46:24]} 57. Qd8+
{[%clk 0:02:10]} Kc6 {[%clk 0:46:44]} 58. Qc8+ {[%clk 0:01:51]} Kb6
{[%clk 0:47:06]} 59. Qd8+ {[%clk 0:02:03]} Ka7 {[%clk 0:46:18]} 60. Qd7+
{[%clk 0:02:24]} Rb7 {[%clk 0:45:34]} 61. Qa4+ {[%clk 0:02:29]} Kb8
{[%clk 0:45:59]} 0-1

[Event "World Chess Olympiad 2018"]
[Site "Batumi"]
[Date "2018.10.05"]
[Round "11"]
[Board "3"]
[WhiteFideId "16300440"]
[White "Yang Ching Wei Austin"]
[BlackFideId "4646215"]
[Black "Berezovsky Igor"]
[Result "0-1"]
[LiveChessVersion "1.4.8"]
[BlackElo "2380"]
[WhiteElo "2198"]

1. e4 {[%clk 1:30:58]} e6 {[%clk 1:30:33]} 2. d4 {[%clk 1:31:23]} d5
{[%clk 1:31:01]} 3. Nd2 {[%clk 1:31:46]} a6 {[%clk 1:31:05]} 4. Ngf3
{[%clk 1:29:29]} c5 {[%clk 1:31:15]} 5. dxc5 {[%clk 1:28:10]} Bxc5
{[%clk 1:30:24]} 6. Bd3 {[%clk 1:27:52]} Nf6 {[%clk 1:29:06]} 7. O-O
{[%clk 1:24:41]} Nc6 {[%clk 1:09:19]} 8. c3 {[%clk 1:23:56]} Qc7 {[%clk 0:55:44]}
9. Qe2 {[%clk 1:21:50]} Be7 {[%clk 0:51:46]} 10. Re1 {[%clk 1:18:55]} dxe4
{[%clk 0:49:57]} 11. Nxe4 {[%clk 1:19:15]} Nd5 {[%clk 0:48:23]} 12. g3
{[%clk 1:15:48]} O-O {[%clk 0:34:40]} 13. c4 {[%clk 1:02:00]} Ndb4
{[%clk 0:34:07]} 14. Bb1 {[%clk 1:02:21]} a5 {[%clk 0:25:43]} 15. h4
{[%clk 0:46:47]} e5 {[%clk 0:19:22]} 16. Nc3 {[%clk 0:34:10]} Bg4
{[%clk 0:18:06]} 17. Qe3 {[%clk 0:26:10]} Bc5 {[%clk 0:10:08]} 18. Qxc5
{[%clk 0:22:02]} Bxf3 {[%clk 0:10:37]} 19. Qe3 {[%clk 0:16:43]} Nd4
{[%clk 0:10:32]} 20. Nb5 {[%clk 0:16:51]} Qc6 {[%clk 0:05:59]} 21. Nxd4
{[%clk 0:07:06]} exd4 {[%clk 0:06:28]} 22. Qf4 {[%clk 0:06:53]} Rfe8
{[%clk 0:06:18]} 23. Bd2 {[%clk 0:07:07]} Bh1 {[%clk 0:05:21]} 24. f3
{[%clk 0:07:26]} Qxf3 {[%clk 0:04:59]} 25. Qxf3 {[%clk 0:06:39]} Bxf3
{[%clk 0:05:27]} 26. Kf2 {[%clk 0:07:08]} Rxe1 {[%clk 0:05:18]} 27. Bxe1
{[%clk 0:07:26]} Bg4 {[%clk 0:05:04]} 28. Be4 {[%clk 0:05:42]} Re8
{[%clk 0:04:59]} 29. Bxb4 {[%clk 0:05:52]} Rxe4 {[%clk 0:02:36]} 30. Re1
{[%clk 0:06:16]} Rxe1 {[%clk 0:02:55]} 31. Bxe1 {[%clk 0:06:39]} a4
{[%clk 0:02:27]} 32. Ba5 {[%clk 0:05:38]} f6 {[%clk 0:01:57]} 33. Bb6
{[%clk 0:05:44]} d3 {[%clk 0:02:23]} 34. Ke3 {[%clk 0:06:09]} Bf5
{[%clk 0:02:18]} 35. b3 {[%clk 0:05:17]} axb3 {[%clk 0:02:23]} 36. axb3
{[%clk 0:05:46]} Kf7 {[%clk 0:02:33]} 37. b4 {[%clk 0:05:21]} Ke7
{[%clk 0:02:19]} 38. Bc5+ {[%clk 0:04:56]} Ke6 {[%clk 0:02:24]} 39. Bf8
{[%clk 0:04:29]} Kf7 {[%clk 0:01:51]} 40. Bc5 {[%clk 0:34:05]} g5
{[%clk 0:31:54]} 41. hxg5 {[%clk 0:30:47]} fxg5 {[%clk 0:30:37]} 42. Bd6
{[%clk 0:31:09]} h5 {[%clk 0:28:03]} 43. Bc7 {[%clk 0:29:19]} h4 {[%clk 0:28:12]}
44. gxh4 {[%clk 0:29:14]} gxh4 {[%clk 0:28:39]} 45. Bh2 {[%clk 0:29:16]} Kg6
{[%clk 0:26:11]} 46. c5 {[%clk 0:26:33]} Kf6 {[%clk 0:16:44]} 47. b5
{[%clk 0:18:33]} Ke6 {[%clk 0:16:30]} 48. Kd2 {[%clk 0:10:14]} Kd5
{[%clk 0:13:48]} 49. Bg1 {[%clk 0:10:33]} h3 {[%clk 0:13:11]} 50. Kc3
{[%clk 0:10:01]} Ke4 {[%clk 0:08:41]} 51. Kd2 {[%clk 0:09:07]} Kf3
{[%clk 0:07:39]} 52. Bh2 {[%clk 0:09:25]} Kg2 {[%clk 0:07:56]} 53. Bd6
{[%clk 0:09:52]} h2 {[%clk 0:07:48]} 54. Bxh2 {[%clk 0:10:19]} Kxh2
{[%clk 0:08:14]} 55. c6 {[%clk 0:10:40]} b6 {[%clk 0:08:23]} 56. c7
{[%clk 0:11:04]} Kg3 {[%clk 0:08:29]} 57. c8=Q {[%clk 0:11:30]} Bxc8
{[%clk 0:08:50]} 58. Kxd3 {[%clk 0:11:59]} Kf4 {[%clk 0:09:01]} 59. Kd4
{[%clk 0:12:23]} Bb7 {[%clk 0:08:59]} 0-1